000 00488nam a2200145 4500
999 _c1521
_d1521
008 150530b xxu||||| |||| 00| 0 eng d
020 _a0443034206
050 _aRF 46 .H35 1987
100 _aHall, Simson I
245 _aDisease of the nose, throat and ear :
_ba handbook for students and practitioners
250 _a13th ed.
260 _aLondon:
_bChurchill Livingstone,
_c1987
300 _ax, 404p. :
_bill.;
_c23cm.
650 _aOtolaryngology.
942 _2lcc
_cBOOKS
_hRF 46 .H35 1987